000 00986nam a22002417a 4500
999 _c8636
_d8636
003 AR-CdUCM
008 190325b ||||| |||| 00| 0 spa d
020 _a9978-95-125-3
040 _aMUNICIPALIDAD PROVINCIAL DEL CUSCO
_cBIBLIOTECA MUNICIPAL DEL CUSCO
082 _a361 /
_bSE37
100 _aSelener, Daniel
_924147
245 _aDe campesino a campesino :
_bexperiencias prácticas de extensión rural participativa /
260 _aQuito :
_bIIRR - MAELA,
_c1997.
300 _a147 páginas ;
_c21.5 cm.
505 _aContenido: ¿Quiénes son los promotores campesinos? -- ¿Qué hacen los promotores campesinos? -- ¿Cómo hacen su trabajo los promotores? -- La selección de los promotores -- Promotores generalistas y especialistas ...
650 _aMetodología
_92264
650 _aPromotores campesinos
_924148
650 _aTrabajo voluntario
_924149
700 _aChenier, Jacqueline
_924150
700 _aZelaya, Raúl
_924151
942 _2ddc
_cLIBROS
945 _aafb